Les 35 plus grosse chaine YouTube en France - Statistiques

Statistiques générales
  • Ce quiz a été pris 257 fois
  • Le résultat moyen est 9 sur 35
Statistiques - réponses
Hint Réponse % Correct
19 M Squeezie
96%
23.4 M Tibo InShape
92%
14.5 Cyprien
86%
9.98 M Michou
82%
7.99 M Inoxtag
79%
8.7 M Amixem
64%
6.3 M Mastu
63%
6.34 M Joyca
58%
5.17 M Natoo
46%
4.47 M LeBouseuh
34%
9.72 M Lama Faché
31%
6.36 M Mister V
25%
4.25 M Gotaga
23%
7.4 M Mcfly & Carlito
19%
5.59 M SEB
19%
3.91 M Pierre Croce
16%
5.83 M FastGoodCuisine
11%
3.82 M Joueur Du Grenier
11%
7.42 M Remi Gaillard
11%
3.68 M enjoyphoenix
10%
3.96 M Le Grand JD
9%
5.59 M Kevin Tran
8%
4.91 M Squeezie Gaming
8%
5.05 M CYRILmp4
7%
4.03 M Le Monde à L'Envers
6%
6.11 M Furious Jumper
5%
4.75 M Dr Nozman
3%
4.82 M Hugoposé
3%
4.89 M Ibra TV
3%
4.89 M Jeanfils
3%
4.02 M Palmashow
3%
6.7 M Swan & Néo
3%
4.43 M L'atelier de Roxane
2%
3.66 M GameMixTreize
1%
4.19 M Greg Guillotin
1%
Aucun quiz correspondant
Distribution des résultats
% des personnes avec chaque résultat
Percentile par nombre de réponses
Votre historique - résultats
Vous n’avez pas pris ce quiz